موسوعة تفسير الأحلام / (Record no. 130301)

MARC details
000 -LEADER
fixed length control field 00566nam a22001937a 4500
005 - DATE AND TIME OF LATEST TRANSACTION
control field 20251108175256.0
008 - FIXED-LENGTH DATA ELEMENTS--GENERAL INFORMATION
fixed length control field 250721s2013 xx 000 0 ara d
082 14 - DEWEY DECIMAL CLASSIFICATION NUMBER
Classification number م/135.03/موس
100 1# - MAIN ENTRY--PERSONAL NAME
Personal name سعد، طه عبد الرؤوف
Relator term حقق
245 10 - TITLE STATEMENT
Title موسوعة تفسير الأحلام /
264 ## - PRODUCTION, PUBLICATION, DISTRIBUTION, MANUFACTURE, AND COPYRIGHT NOTICE
Name of producer, publisher, distributor, manufacturer مكتبة الصفا للنشر و التوزيع،
Date of production, publication, distribution, manufacture, or copyright notice 2013.
300 ## - PHYSICAL DESCRIPTION
Extent
650 17 - SUBJECT ADDED ENTRY--TOPICAL TERM
Topical term or geographic name as entry element الموسوعات
650 17 - SUBJECT ADDED ENTRY--TOPICAL TERM
Topical term or geographic name as entry element التفسير
650 17 - SUBJECT ADDED ENTRY--TOPICAL TERM
Topical term or geographic name as entry element الاحلام
700 1# - ADDED ENTRY--PERSONAL NAME
Personal name ابن سيرين،
942 ## - ADDED ENTRY ELEMENTS (KOHA)
Source of classification or shelving scheme Dewey Decimal Classification
Koha item type References
Holdings
حالة السحب حالة الفقدان مصدر التصنيف حالة التلف غير قابل للإعارة المكتبة الرئيسية المكتبة الحالية موقع الرف تاريخ التزويد الرقم المتسلسل Total Checkouts رقم الإستدعاء الباركود تاريخ آخر ظهور تاريخ الفاتورة نوع المادة (كوها)
    Dewey Decimal Classification   Not For Loan المكتبة المركزية المكتبة المركزية مراجع 28/07/2025 1583828   م/135.03/موس PLD00307871 28/07/2025 28/07/2025 References
    Dewey Decimal Classification   Not For Loan المكتبة المركزية المكتبة المركزية مراجع 01/10/2014 1583829   م/135.03/موس PLD00308093 28/07/2025 01/10/2014 References
    Dewey Decimal Classification   Not For Loan مكتبة أبو علندا العامة مكتبة أبو علندا العامة مراجع 01/10/2014 1583830   م/135.03/موس PLD00308094 28/07/2025 01/10/2014 References
    Dewey Decimal Classification   Not For Loan مكتبة أبو علندا العامة مكتبة أبو علندا العامة مراجع 01/10/2014 1583831   م/135.03/موس PLD00308095 28/07/2025 01/10/2014 References
    Dewey Decimal Classification   Not For Loan مكتبة أم قصير والمقابلين العامة مكتبة أم قصير والمقابلين العامة مراجع 01/10/2014 1583834   م/135.03/موس PLD00308098 28/07/2025 01/10/2014 References
    Dewey Decimal Classification   Not For Loan مكتبة أم قصير والمقابلين العامة مكتبة أم قصير والمقابلين العامة مراجع 01/10/2014 1583835   م/135.03/موس PLD00308099 28/07/2025 01/10/2014 References
    Dewey Decimal Classification   Not For Loan مكتبة الجويدة مكتبة الجويدة مراجع 01/10/2014 1583832   م/135.03/موس PLD00308096 28/07/2025 01/10/2014 References
    Dewey Decimal Classification   Not For Loan مكتبة الجويدة مكتبة الجويدة مراجع 01/10/2014 1583833   م/135.03/موس PLD00308097 28/07/2025 01/10/2014 References
    Dewey Decimal Classification   Not For Loan مكتبة وادي السير العامة مكتبة وادي السير العامة مراجع 01/10/2014 1583836   م/135.03/موس PLD00308100 28/07/2025 01/10/2014 References
    Dewey Decimal Classification   Not For Loan مكتبة وادي السير العامة مكتبة وادي السير العامة مراجع 01/10/2014 1583837   م/135.03/موس PLD00308101 28/07/2025 01/10/2014 References
Implemented & Customized by: BBB with SCIT (Smart Chains for Information Technology)

Powered by Koha